21st Century World Series Champions - Statistics

General Stats
  • This quiz has been taken 81 times
    55 since last reset
  • The average score is 15 of 16
Answer Stats
Team % Correct
Atlanta Braves
100%
Houston Astros
100%
Los Angeles Dodgers
100%
San Francisco Giants
100%
Boston Red Sox
98%
Chicago Cubs
98%
Kansas City Royals
98%
New York Yankees
98%
Texas Rangers
98%
Washington Nationals
98%
Arizona Diamondbacks
96%
Philadelphia Phillies
96%
St. Louis Cardinals
93%
Los Angeles Angels
89%
Miami Marlins
89%
Chicago White Sox
84%
No matching quizzes found
Score Distribution
Percent of People with Each Score
Percentile by Number Answered
Your Score History
You have not taken this quiz since the last reset